| 000 | 00745nam a2200217 a 4500 | ||
|---|---|---|---|
| 005 | 20260413105433.0 | ||
| 007 | cr |||aaaaaaa| | ||
| 008 | 260413s2023 ck| ||||o ||| 000 0 spa d | ||
| 020 | _a9786287518865 | ||
| 040 |
_aMX-MxUPN _bspa _eaacr2 |
||
| 041 | 0 | _aspa | |
| 100 | 1 |
_aMartínez Pérez, Leonardo Fabio _958946 |
|
| 245 | 1 | 0 |
_aUniversidad pública en tiempos de pandemia : _bdesafíos y luchas _h[recurso electrónico en línea] |
| 250 | _aPrimera edición | ||
| 260 |
_aBogotá, Colombia : _bUniversidad Pedagógica Nacional, _c2023 |
||
| 300 |
_a1 recurso en línea (259 páginas) : _bPDF |
||
| 506 | 0 | _aAcceso abierto | |
| 856 | 4 | 0 | _uhttp://hdl.handle.net/20.500.12209/19000 |
| 902 | _aJohanaAllegre/130426 | ||
| 942 |
_2lcc _cCAP-E |
||
| 999 |
_c214932 _d214932 |
||